000
00291nam a22001337a 4500
008
170911b xxu||||| |||| 00| 0 eng d
020
_a
99780201834369
041
_a
eng
080
_a
53
100
_a
43
101
_a
FIZ
245
_a
NONCLASSICAL PHYSICS
_c
HARRIS,R
942
_2
udc
_c
BK
999
_c
27149
_d
27149